Gis-Hedonic models of price-contour sub markets of residential properties based on neighbourhood characteries : Abdul Hamid bin Hj.Mar Iman

Bibliographic Details
Main Author: Abdul Hamid bin Hj.Mar Iman
Format: Book
Published: 2002?
Subjects:

MARC

LEADER 00000cam a2200000 7i4500
001 0000016197
005 20060209.0
040 |a INS 
090 0 0 |a KK138 
100 1 |a Abdul Hamid bin Hj.Mar Iman 
245 1 0 |a Gis-Hedonic models of price-contour sub markets of residential properties based on neighbourhood characteries :   |b Abdul Hamid bin Hj.Mar Iman 
260 |a 2002? 
300 |a 1 jil.(Mukasurat pelbagai) :   |b ill ;   |c 30cm. 
650 0 0 |a Geographic information systems 
999 |a KK00000353   |b BOOK   |c Course Notes   |e Default branch 
999 |a KK00000379   |b BOOK   |c Course Notes   |e Default branch